000 00588nam a22002177a 4500
001 73929
003 BD-RjUL
005 20211209082449.0
008 170821s1950 iq ||||| |||| 00| 0 arb d
035 _a(BD-RjUL)
040 _aBD-RjUL
_beng
_cBD-RjUL
041 _aarb
082 _223
_a953
_bALT 1950
100 _aAli, Jawad
_9219107
245 _aTarikhul Adab Qablal Islam /
_cJawad Ali
260 _aBaghdad :
_bMathbtut Tagis,
_c1950
300 _a430 p:
_bill.;
_c28 cm.
650 _aIslamic countries
_xHistory.
_9219108
651 _aArabs
_xHistory
_9182521
942 _2ddc
_cBK
999 _c73929
_d73929